000 00613nam a2200217 a 4500
005 20240228063825.0
008 991125c1995 e. 000 0 eng u
035 _aUPN01000011134
049 _aI
050 4 _aPZ78 F5.28
100 1 _aFiday, Beverly
245 1 3 _aLa consideración /
_cil. por Kathryn Hutton
260 _aE. U. A. :
_bThe Child's World,
_c1995
300 _a31 p. :
_bil., col
440 0 _aValores para la vida
650 4 _aLibros y lectura para niƱos
_92290
650 4 _aUsos y costumbres
_915233
700 2 _aCrowdy, Deborah,
_ecoaut.
904 _aAC
_b011135
905 _aInfantil
999 _c11134
_d11134